00295nam a2200109Ia 4500008004100000041000800041100002100049245005600070260003100126300000800157700002000165250110s9999 xx 000 0 und d aeng aUmalkar Akanksha aLandscape Redesign Of Chatrapati Sambaji Park, Pune bBNCA M Arch LA, Punec2017 a67p aGuide Name:BNCA